00703 2200241 4500001002100000005001700021008004100038035002400079090001900103100002200122245005800144250001100202260002900213300002400242500005500266500001100321650006300332850001500395980001500410985000600425999001500431999001500446YOGYA-0209000000071820090227020358.0 ind  0010-020900000000718 a301.243bSus K aSusanto, Astred S aKomunikasi dalam teori dan praktekcAstred S. Susanto aCet. 2 aBandungbBinaciptac1977 a...jilbilusc21 cm aYang diterima : Jil. 2bBibliografi : hlm. 158-163 bIndeks aPublikasi dan ilmu komunikasixKomunikasi - Ilmu publikasi aYOPDYOG(B) a2005-06-14 a2 aP000010070 aP000010069